[Event "Euro Online Blitz TOP16"]
[Site "Tornelo INT"]
[Date "2020.12.19"]
[Round "2.1"]
[White "Petrosyan, Manuel"]
[Black "Jones, Gawain C B"]
[Result "1-0"]
[WhiteTitle "GM"]
[BlackTitle "GM"]
[WhiteElo "2628"]
[BlackElo "2670"]
[WhiteFideId "13300857"]
[BlackFideId "409561"]
[EventDate "2020.12.19"]

1. c4 g6 2. Nc3 Bg7 3. g3 Nf6 4. Bg2 O-O 5. Nf3 c5 6. O-O Nc6 7. d3 d5 8. cxd5
Nxd5 9. Nxd5 Qxd5 10. Be3 Qd6 11. Rc1 Nd4 12. Nd2 Bg4 13. Re1 Qa6 14. a3 Rac8
15. h3 Bxe2 16. Rxe2 Nxe2+ 17. Qxe2 Bxb2 18. Rb1 Bxa3 19. Bxb7 Qe6 20. Bxc8 Rxc8
21. Ra1 Bb4 22. Rxa7 Qxh3 23. Nc4 Qe6 24. Qf3 h5 25. Qe4 Rc6 26. Rxe7 Qxe4 27.
dxe4 Ra6 28. Rc7 Re6 29. e5 Kg7 30. Bg5 Bc3 31. Bf6+ Kh6 32. Rxf7 g5 33. Rc7 Bd4
34. Kg2 Ra6 35. Rc8 Ra2 36. Rh8+ Kg6 37. Rg8+ Kf7 38. Rxg5 Rxf2+ 39. Kh3 Rc2 40.
Nd6+ Ke6 41. Rxh5 Rc1 42. Kg4 c4 43. Rh8 c3 44. Rc8 c2 45. Bg5 Rg1 46. Rxc2 Bxe5
47. Nf5 Bxg3 48. Nxg3 Kd5 49. Be3 Re1 50. Kf3 Ra1 51. Rd2+ Ke6 52. Ke4 Ra4+ 53.
Bd4 Ra5 54. Ne2 Kf7 55. Nf4 Ra4 56. Rb2 Ra5 57. Rb7+ Ke8 58. Nd5 Ra2 59. Ke5
Re2+ 60. Kd6 Kf8 61. Nf4 Rd2 62. Ne6+ Kg8 63. Rg7+ Kh8 64. Rg2+ Rxd4+ 65. Nxd4 1-0

[Event "Euro Online Blitz TOP16"]
[Site "Tornelo INT"]
[Date "2020.12.19"]
[Round "2.2"]
[White "Jones, Gawain C B"]
[Black "Petrosyan, Manuel"]
[Result "1-0"]
[WhiteTitle "GM"]
[BlackTitle "GM"]
[WhiteElo "2670"]
[BlackElo "2628"]
[WhiteFideId "409561"]
[BlackFideId "13300857"]
[EventDate "2020.12.19"]

1. Nf3 d5 2. b3 c5 3. e3 a6 4. Bb2 Nc6 5. g3 Qc7 6. c4 dxc4 7. bxc4 Nf6 8. Nc3
e6 9. Bg2 Be7 10. O-O O-O 11. Qe2 b6 12. d4 cxd4 13. exd4 Na5 14. Rac1 Bb7 15.
Ne5 Bxg2 16. Kxg2 Rac8 17. Nd1 Nd7 18. Nxd7 Qxd7 19. Ne3 b5 20. c5 Nc6 21. Rfd1
Nb4 22. Qf3 Rfd8 23. a3 Nd5 24. Ng4 Bf6 25. h4 h5 26. Nxf6+ Nxf6 27. d5 Nxd5 28.
Qxh5 f6 29. Kg1 Qf7 30. Qg4 Rc6 31. a4 Rb8 32. axb5 Rxb5 33. Ba3 Rb8 34. Re1 Re8
35. Rb1 Rc7 36. Qa4 Qd7 37. Qxa6 Ra7 38. Qd3 Qa4 39. Bb2 Qg4 40. Re4 Qf5 41.
Rbe1 Rc7 42. Qd4 Rc6 43. Kg2 Rec8 44. Ba3 Kf7 45. Qa4 Ne7 46. Qb3 Qd5 47. Qxd5
Nxd5 48. Ra4 R8c7 49. Rc1 Ne7 50. Ra5 Ng6 51. Bb4 Ne5 52. Rd1 Nd7 53. Rd6 Rxd6
54. cxd6 Rb7 55. Ba3 e5 56. Ra8 Ke6 57. Re8+ Kd5 58. Re7 g6 59. Rg7 Ke6 60. Rxg6
Rb3 61. Bc1 Kxd6 62. h5 Ke6 63. h6 Rb8 64. g4 Rh8 65. g5 Rh7 66. gxf6 Kf7 67.
Rg7+ Rxg7+ 68. fxg7 Kg8 69. Kf3 Nf6 70. Bb2 Kh7 71. Bxe5 Ng8 72. Bf4 Kg6 73. Ke4
Nf6+ 74. Ke5 Ng8 75. Ke6 Kh7 76. Kf7 1-0

[Event "Euro Online Blitz TOP16"]
[Site "Tornelo INT"]
[Date "2020.12.19"]
[Round "2.3"]
[White "Petrosyan, Manuel"]
[Black "Jones, Gawain C B"]
[Result "0-1"]
[WhiteTitle "GM"]
[BlackTitle "GM"]
[WhiteElo "2628"]
[BlackElo "2670"]
[WhiteFideId "13300857"]
[BlackFideId "409561"]
[EventDate "2020.12.19"]

1. Nf3 Nf6 2. g3 g6 3. Bg2 Bg7 4. O-O O-O 5. c4 c5 6. Nc3 Nc6 7. d3 d6 8. Rb1
Rb8 9. a3 a6 10. Bd2 Bd7 11. b4 cxb4 12. axb4 b5 13. Nd5 bxc4 14. Nxf6+ Bxf6 15.
dxc4 Bf5 16. Rb3 Be6 17. Qc2 Rc8 18. Ra3 Nb8 19. c5 Nd7 20. Be3 dxc5 21. bxc5
Bf5 22. Qc1 Qc7 23. Nd4 Qxc5 24. Qxc5 Rxc5 25. Nxf5 Rxf5 26. Rxa6 Ne5 27. Be4
Rh5 28. h4 Nc4 29. Bf4 Rd8 30. Rc1 Nd6 31. Rd1 Rc5 32. Bxd6 Rxd6 33. Raxd6 exd6
34. Rxd6 Kg7 35. Rd7 Re5 36. Bf3 h5 37. Kf1 Re7 38. Rd3 Ra7 39. Kg2 Be7 40. Bd5
Ra6 41. Rb3 Rd6 42. e4 Rd7 43. Rb5 Bf6 44. f4 Bd4 45. Kf3 Ra7 46. e5 Ra3+ 47.
Ke4 Bf2 48. Bb3 Bxg3 49. Kf3 Bxh4 50. Rb7 Kh6 51. Ke4 f5+ 52. Kd5 g5 53. Rb6+
Kg7 54. Rb7+ Kf8 55. Rb8+ Kg7 56. Rb7+ Kf8 57. Rb8+ Kg7 58. Kd6 gxf4 59. Rb7+
Kh6 60. e6 f3 61. Bc4 Re3 62. Rb3 Re4 63. Bd5 f2 64. Rf3 Re1 65. Bc4 Kg6 66. Bd3
Rd1 67. e7 Rxd3+ 68. Rxd3 Bxe7+ 69. Kxe7 f1=Q 70. Rg3+ Kh6 71. Kf6 Qa1+ 72. Kxf5
Qa6 73. Kf4 Qe6 74. Kf3 h4 75. Rg4 Qf5+ 76. Rf4 Qd3+ 77. Kg4 Qg3+ 78. Kf5 h3 79.
Ke4 Qxf4+ 80. Kxf4 h2 0-1

[Event "Euro Online Blitz TOP16"]
[Site "Tornelo INT"]
[Date "2020.12.19"]
[Round "2.4"]
[White "Jones, Gawain C B"]
[Black "Petrosyan, Manuel"]
[Result "0-1"]
[WhiteTitle "GM"]
[BlackTitle "GM"]
[WhiteElo "2670"]
[BlackElo "2628"]
[WhiteFideId "409561"]
[BlackFideId "13300857"]
[EventDate "2020.12.19"]

1. e4 c5 2. Nf3 e6 3. Nc3 a6 4. g3 b5 5. Bg2 Bb7 6. d4 cxd4 7. Nxd4 Ne7 8. O-O
Nbc6 9. Nb3 Ng6 10. Re1 h5 11. h4 Nge5 12. Bf4 d6 13. a4 b4 14. Nd5 Ng6 15. Bg5
f6 16. Nf4 Nge5 17. Nxe6 Qe7 18. Nxf8 fxg5 19. f4 gxf4 20. gxf4 Rxf8 21. fxe5
Qxe5 22. Qd5 O-O-O 23. Qxe5 Nxe5 24. Nd4 Rf6 25. Rf1 Rdf8 26. Ne6 Rxf1+ 27. Rxf1
Rxf1+ 28. Kxf1 g6 29. Ke2 Bc6 30. b3 Bd7 31. Nf4 a5 32. Ke3 Kc7 33. Bf1 Bg4 34.
Be2 Bd7 35. Nd5+ Kd8 36. Kf4 Be6 37. Ne3 Ke7 38. Kg5 Kf7 39. Nf1 Kg7 40. Nd2
Nf7+ 41. Kf4 Kf6 42. Bd1 Ne5 43. Be2 Bf7 44. Bd1 Be8 45. Be2 Bc6 46. Nc4 Nxc4
47. Bxc4 Bd7 48. Be2 Be6 49. Bd1 Bf7 50. Be2 Be8 51. Bc4 Bd7 52. Be2 Bc8 53. Bd1
Ba6 54. Bf3 Bf1 55. Bd1 g5+ 56. hxg5+ Kg6 57. Bf3 h4 58. Kg4 h3 59. Kg3 Kxg5 60.
Bd1 Kf6 61. Bg4 Ke5 62. Kf2 Bg2 63. Kg3 Kxe4 64. Bh5 Kd4 65. Bg6 Kc3 66. Bd3 d5
67. Bf5 Be4 68. Bxh3 Bxc2 69. Kf2 d4 70. Bg4 d3 0-1

[Event "Euro Online Blitz TOP16"]
[Site "Tornelo INT"]
[Date "2020.12.19"]
[Round "2.5"]
[White "Petrosyan, Manuel"]
[Black "Jones, Gawain C B"]
[Result "0-1"]
[WhiteTitle "GM"]
[BlackTitle "GM"]
[WhiteElo "2628"]
[BlackElo "2670"]
[WhiteFideId "13300857"]
[BlackFideId "409561"]
[EventDate "2020.12.19"]

1. d4 Nf6 2. c4 g6 3. Nc3 Bg7 4. e4 d6 5. Nf3 O-O 6. Be2 e5 7. O-O Nbd7 8. Be3
Qe7 9. Qc2 c6 10. Rfe1 exd4 11. Nxd4 Nc5 12. f3 Nh5 13. Rad1 Be5 14. g3 Nxg3 15.
hxg3 Bxg3 16. Bf1 Bxe1 17. Rxe1 Qh4 18. Qf2 Qxf2+ 19. Kxf2 f5 20. b4 Ne6 21.
exf5 Nxd4 22. Bxd4 Bxf5 23. Ne4 Bxe4 24. Rxe4 Rae8 25. Rxe8 Rxe8 26. a4 a6 27.
f4 Kf7 28. Bg2 h5 29. b5 axb5 30. cxb5 Rc8 31. bxc6 bxc6 32. Bb6 Ke7 33. a5 d5
34. Bc5+ Kd8 35. a6 Kc7 36. Kg3 Rb8 37. a7 Rb3+ 38. Kh4 Kb7 39. Bf1 Rc3 40. Ba6+
Ka8 41. Bb6 Rb3 42. Bg1 Rb1 43. Bf2 Rb2 44. Kg3 Rc2 45. Bd4 c5 46. Be5 Rd2 47.
Bd6 Kxa7 48. Bb5 Kb6 49. Be8 Re2 50. Bf7 Kc6 51. Be5 g5 52. Kf3 Re1 53. Bxh5
gxf4 54. Bxf4 Rf1+ 55. Ke3 d4+ 56. Ke4 Rxf4+ 57. Kxf4 Kb5 58. Ke4 Kc4 0-1